Countries With The Most Light-Haired People - Statistics

General Stats
  • This quiz has been taken 139 times
  • The average score is 18 of 20
Answer Stats
% Country % Correct
75% Sweden
98%
65% Germany
97%
78% Norway
97%
52% United Kingdom
97%
80% Finland
96%
80% Estonia
95%
48% Poland
95%
85% Iceland
94%
46% Russia
94%
55% Austria
93%
75% Denmark
93%
70% Latvia
93%
59% Lithuania
91%
45% Belgium
90%
68% Netherlands
90%
45% Switzerland
90%
55% Belarus
86%
56% Czech Republic
83%
50% Luxembourg
81%
55% Liechtenstein
77%
No matching quizzes found
Score Distribution
Percent of People with Each Score
Percentile by Number Answered
Your Score History
You have not taken this quiz